Microsoft office profesional : curso de ofimática bajo windows /
Guardado en:
| Autor Principal: | |
|---|---|
| Formato: | Libro |
| Publicado: |
Barcelona :
Inforbook's,
1997
|
| Materias: | |
| Etiquetas: |
Agregar Etiqueta
Sin Etiquetas, Sea el primero en etiquetar este registro!
|
| LEADER | 00877nam a22002175a 4500 | ||
|---|---|---|---|
| 001 | CEM.cems009444 | ||
| 005 | 20081209094829.0 | ||
| 008 | 130507s1997##################000#0#####d | ||
| 003 | CEMS | ||
| 020 | |a 8488323476 | ||
| 082 | 0 | 4 | |a 001.6425 |
| 100 | 1 | |a Blanco, Jaime | |
| 245 | 1 | 0 | |a Microsoft office profesional : |b curso de ofimática bajo windows / |c Jaime Blanco ... [et Al.] |
| 260 | |a Barcelona : |b Inforbook's, |c 1997 | ||
| 300 | |a 1120 p. | ||
| 505 | 0 | |a Microsoft Office Profesional -- Convenciones tipográficas -- Introducción a Windows -- Word 6 -- Access 2 -- Excel 5 -- Power Point 4 -- Mail -- Intercomunicación entre las aplicaciones de Microsoft Office -- El administrador de Microsoft Office | |
| 653 | |a Computación | ||
| 653 | |a Informática | ||
| 653 | |a Microsoft office | ||
| 653 | |a Ofimática | ||
| 859 | |a CEMS |b BIB. CEMS - 11 de abril |h 001.6425 |i B593 |p 19195.97 |t Ej.1 | ||
